000 00680cam a22002413a 4500
001 3067
003 PGUSA
005 20140828083025.0
008 020201s2002||||xxu|||||s|||||000 1 eng d
040 _aPGUSA
_beng
042 _adc
050 4 _aPR
100 1 _aReade, Charles,
_d1814-1884
245 1 0 _aHard Cash
_h[electronic resource] /
_cCharles Reade
260 _bProject Gutenberg,
_c2002
500 _aSequel to: Love Me Little, Love Me Long.
506 _aPublic domain in the USA.
516 _aElectronic text
653 _aEnglish fiction -- 19th century
830 0 _aProject Gutenberg
_v3067
856 4 0 _uhttp://www.gutenberg.org/ebooks/3067
942 _cEB
999 _c232396
_d232396